[Event "Titled Tuesday intern op 23rd Apr Late"]
[Site "Chess.com INT"]
[Date "2024.04.23"]
[Round "5"]
[White "Dovzik, Juri"]
[Black "Akhayan, Ruben"]
[Result "0-1"]
[WhiteElo "2221"]
[BlackElo "2260"]
[PlyCount "60"]
[EventDate "2024.04.23"]
[EventType "swiss (blitz)"]
[EventRounds "11"]
[EventCountry "USA"]
[SourceTitle "CB18_2024"]
[SourceDate "2024.05.01"]
[SourceVersion "1"]
[SourceVersionDate "2024.05.01"]
[SourceQuality "2"]

1. b3 e5 2. Bb2 Nc6 3. c4 Nf6 4. Nc3 d5 5. cxd5 Nxd5 6. g3 Bc5 7. Bg2 Nb6 8. Nf3 0-0 9. 0-0 Bg4 10. Ne4 Be7 11. Nxe5 Nxe5 12. Bxe5 Qd7 13. d4 Rad8 14. Rc1 c6 15. Nc5 Qc8 16. Qc2 Rfe8 17. Nxb7 Qxb7 18. Bxc6 Qa6 19. Bxe8 Rxe8 20. f3 Be6 21. e4 Nd7 22. Bf4 Qb6 23. Be3 Bf6 24. Rfd1 h5 25. Qc6 Qa5 26. d5 Bh3 27. g4 Qxa2 28. Rd2 Qa3 29. Rcc2 Rd8 30. Qa4 Qd6 0-1

[Event "Titled Tuesday intern op 23rd Apr Late"]
[Site "Chess.com INT"]
[Date "2024.04.23"]
[Round "1"]
[White "Perske, Thore"]
[Black "Dovzik, Juri"]
[Result "1-0"]
[WhiteElo "2450"]
[BlackElo "2221"]
[PlyCount "45"]
[EventDate "2024.04.23"]
[EventType "swiss (blitz)"]
[EventRounds "11"]
[EventCountry "USA"]
[SourceTitle "CB18_2024"]
[SourceDate "2024.05.01"]
[SourceVersion "1"]
[SourceVersionDate "2024.05.01"]
[SourceQuality "2"]

1. e4 c6 2. d4 Na6 3. c4 c5 4. d5 d6 5. Nc3 g6 6. f4 Bg7 7. Nf3 Nc7 8. h3 h5 9. Bd3 a6 10. Qe2 Nh6 11. Bd2 Bd7 12. a4 0-0 13. f5 e6 14. g4 exd5 15. cxd5 Re8 16. 0-0-0 b5 17. Qg2 c4 18. Bc2 b4 19. gxh5 bxc3 20. Bxc3 Bxc3 21. bxc3 Qf6 22. hxg6 fxg6 23. Rhg1 1-0

[Event "Titled Tuesday intern op 16th Apr Late"]
[Site "Chess.com INT"]
[Date "2024.04.16"]
[Round "1"]
[White "Brilej, Jaka"]
[Black "Dovzik, Juri"]
[Result "1-0"]
[WhiteElo "2274"]
[BlackElo "2221"]
[PlyCount "55"]
[EventDate "2024.04.16"]
[EventType "swiss (blitz)"]
[EventRounds "11"]
[EventCountry "USA"]
[SourceTitle "CB17_2024"]
[SourceDate "2024.04.24"]
[SourceVersion "1"]
[SourceVersionDate "2024.04.24"]
[SourceQuality "1"]

1. e4 c6 2. d4 Na6 3. Nf3 d6 4. Be2 Bg4 5. 0-0 Nc7 6. h3 Bxf3 7. Bxf3 e5 8. Nc3 Be7 9. Be3 Nf6 10. a4 0-0 11. Be2 Ne6 12. d5 cxd5 13. exd5 Nc7 14. f4 exf4 15. Bxf4 Nd7 16. Ne4 Nb6 17. c4 Na6 18. a5 Nc8 19. b4 Nc7 20. b5 b6 21. a6 Ne8 22. Bd3 Nf6 23. Qf3 Nxe4 24. Qxe4 g6 25. Bh6 f5 26. Qe6+ Rf7 27. Rae1 Bf8 28. Bf4 1-0

[Event "Titled Tuesday intern op 16th Apr Early"]
[Site "Chess.com INT"]
[Date "2024.04.16"]
[Round "7"]
[White "Cansun, Can Alp"]
[Black "Dovzik, Juri"]
[Result "1-0"]
[WhiteElo "2130"]
[BlackElo "2221"]
[PlyCount "81"]
[EventDate "2024.04.16"]
[EventType "swiss (blitz)"]
[EventRounds "11"]
[EventCountry "USA"]
[SourceTitle "CB17_2024"]
[SourceDate "2024.04.24"]
[SourceVersion "1"]
[SourceVersionDate "2024.04.24"]
[SourceQuality "1"]

1. d4 Nf6 2. c4 e6 3. Nf3 b6 4. g3 Bb7 5. Bg2 Be7 6. 0-0 0-0 7. Nc3 d5 8. Ne5 Nbd7 9. Qa4 Nxe5 10. dxe5 Nd7 11. cxd5 Nxe5 12. dxe6 Bxg2 13. exf7+ Rxf7 14. Kxg2 c5 15. Bf4 Ng6 16. Be3 Qc7 17. Rad1 Bf6 18. Nd5 Qb7 19. Qb3 Be5 20. Kg1 Kh8 21. Nc3 Raf8 22. Qd5 Bxc3 23. bxc3 Qc8 24. Rd2 Rf5 25. Qd7 Qa8 26. Rfd1 Ne5 27. Qxf5 Rxf5 28. Rd8+ Rf8 29. Rxa8 Rxa8 30. Bf4 Nc4 31. Rd7 Kg8 32. e4 a5 33. e5 Re8 34. Rd5 Kf7 35. Rd7+ Kg6 36. h4 h6 37. h5+ Kxh5 38. Rxg7 Nxe5 39. Kg2 Re6 40. Kh3 Ng6 41. g4# 1-0

[Event "Titled Tuesday intern op 16th Apr Early"]
[Site "Chess.com INT"]
[Date "2024.04.16"]
[Round "3"]
[White "Donskov, Anatoly"]
[Black "Dovzik, Juri"]
[Result "1-0"]
[WhiteElo "2279"]
[BlackElo "2221"]
[PlyCount "73"]
[EventDate "2024.04.16"]
[EventType "swiss (blitz)"]
[EventRounds "11"]
[EventCountry "USA"]
[SourceTitle "CB17_2024"]
[SourceDate "2024.04.24"]
[SourceVersion "1"]
[SourceVersionDate "2024.04.24"]
[SourceQuality "1"]

1. e4 c6 2. d4 Na6 3. Bxa6 Qa5+ 4. Nc3 Qxa6 5. Nf3 d6 6. Be3 g6 7. h4 Nf6 8. Nd2 h5 9. f3 Bg7 10. Qe2 Qxe2+ 11. Nxe2 d5 12. e5 Nd7 13. 0-0-0 e6 14. Kb1 b6 15. Bg5 c5 16. c3 Ba6 17. Nf4 Rc8 18. Nb3 Nf8 19. Rhe1 Nh7 20. Nh3 Nxg5 21. Nxg5 Bh6 22. f4 Ke7 23. g3 Rc7 24. Nf3 Rhc8 25. Nc1 Bb7 26. Nd3 a5 27. a3 Ba6 28. Nc1 Bf8 29. Nb3 a4 30. Nc1 Ke8 31. Na2 Be7 32. Nc1 Bc4 33. Nd3 Bb3 34. Rc1 Bc4 35. Nf2 b5 36. dxc5 Bxc5 37. Nd4 1-0

[Event "Titled Tuesday intern op 16th Apr Early"]
[Site "Chess.com INT"]
[Date "2024.04.16"]
[Round "8"]
[White "Dovzik, Juri"]
[Black "Rodrigues Mota, Romulo Cardoso S"]
[Result "0-1"]
[WhiteElo "2221"]
[BlackElo "1978"]
[PlyCount "56"]
[EventDate "2024.04.16"]
[EventType "swiss (blitz)"]
[EventRounds "11"]
[EventCountry "USA"]
[SourceTitle "CB17_2024"]
[SourceDate "2024.04.24"]
[SourceVersion "1"]
[SourceVersionDate "2024.04.24"]
[SourceQuality "1"]

1. e4 c5 2. Nf3 g6 3. h4 h5 4. Nc3 Nc6 5. Bc4 Bg7 6. d3 a6 7. a4 d6 8. Ng5 Ne5 9. Ba2 Nh6 10. f3 Bd7 11. Be3 b5 12. Bd5 Rb8 13. axb5 axb5 14. Qd2 b4 15. Nd1 Bc6 16. Bxc6+ Nxc6 17. 0-0 Nd4 18. Nf2 b3 19. Bxd4 Bxd4 20. c3 Bg7 21. Nfh3 0-0 22. Ra3 Qb6 23. Rfa1 c4+ 24. d4 e5 25. Ra6 Qc7 26. d5 Rfd8 27. Nf2 Rb7 28. Nd1 Bf8 0-1

[Event "Titled Tuesday intern op 27th Feb Late"]
[Site "Chess.com INT"]
[Date "2024.02.27"]
[Round "3"]
[White "Dovzik, Juri"]
[Black "Mizzi, Jack"]
[Result "0-1"]
[WhiteElo "2235"]
[BlackElo "2043"]
[PlyCount "32"]
[EventDate "2024.02.27"]
[EventType "swiss (blitz)"]
[EventRounds "11"]
[EventCountry "USA"]
[SourceTitle "CB10_2024"]
[SourceDate "2024.03.06"]
[SourceVersion "1"]
[SourceVersionDate "2024.03.06"]
[SourceQuality "1"]

1. Nf3 Nf6 2. b3 d5 3. Bb2 c5 4. d4 Nbd7 5. e3 e6 6. Bd3 Bd6 7. Ne5 Qc7 8. f4 0-0 9. 0-0 cxd4 10. exd4 Ne4 11. c4 f6 12. c5 Ndxc5 13. dxc5 Qxc5+ 14. Kh1 Nf2+ 15. Rxf2 Qxf2 16. Ng4 Qxb2 0-1

[Event "Titled Tuesday intern op 27th Feb Late"]
[Site "Chess.com INT"]
[Date "2024.02.27"]
[Round "4"]
[White "Kepeshchuk, Mykhaylo"]
[Black "Dovzik, Juri"]
[Result "1-0"]
[WhiteElo "2269"]
[BlackElo "2235"]
[PlyCount "65"]
[EventDate "2024.02.27"]
[EventType "swiss (blitz)"]
[EventRounds "11"]
[EventCountry "USA"]
[SourceTitle "CB10_2024"]
[SourceDate "2024.03.06"]
[SourceVersion "1"]
[SourceVersionDate "2024.03.06"]
[SourceQuality "1"]

1. d4 Nf6 2. c4 e6 3. g3 d5 4. Bg2 Bb4+ 5. Nd2 0-0 6. Ngf3 dxc4 7. Qc2 Nd5 8. Qxc4 b5 9. Qc2 Be7 10. 0-0 a5 11. Ne4 Nd7 12. Bd2 Bb7 13. Rfc1 f5 14. Neg5 Rf6 15. Ne5 Nxe5 16. dxe5 Rg6 17. Nh3 c5 18. e4 Nb4 19. Bxb4 axb4 20. exf5 Bxg2 21. Kxg2 exf5 22. Qxf5 Qd5+ 23. Kg1 Rga6 24. Nf4 Qf7 25. Qd7 g5 26. Nd5 Bf8 27. Qxf7+ Kxf7 28. Nc7 c4 29. Nxa8 Rxa8 30. Kg2 Ke6 31. f4 gxf4 32. gxf4 Bh6 33. Kf3 1-0

[Event "Titled Tuesday intern op 13th Feb Late"]
[Site "Chess.com INT"]
[Date "2024.02.13"]
[Round "5"]
[White "Ai, Evan Zihao"]
[Black "Dovzik, Juri"]
[Result "1-0"]
[WhiteElo "2188"]
[BlackElo "2235"]
[PlyCount "54"]
[EventDate "2024.02.13"]
[EventType "swiss (blitz)"]
[EventRounds "11"]
[EventCountry "USA"]
[SourceTitle "CB08_2024"]
[SourceDate "2024.02.21"]
[SourceVersion "1"]
[SourceVersionDate "2024.02.21"]
[SourceQuality "1"]

1. d4 e6 2. Nf3 c5 3. e4 b6 4. d5 Nf6 5. Nc3 Bb7 6. Bc4 a6 7. a4 exd5 8. exd5 d6 9. 0-0 Be7 10. Bf4 0-0 11. Re1 Nbd7 12. h3 Re8 13. Qd3 Nf8 14. Re3 Ng6 15. Bh2 Bf8 16. Rae1 Rxe3 17. Qxe3 Qd7 18. Qd3 Qc8 19. Ng5 Qd7 20. f4 Ne7 21. g4 g6 22. Nge4 Bg7 23. Nxf6+ Bxf6 24. Ne4 Bd4+ 25. Qxd4 cxd4 26. Nf6+ Kg7 27. Nxd7 Rc8 1-0

[Event "Titled Tuesday intern op 13th Feb Early"]
[Site "Chess.com INT"]
[Date "2024.02.13"]
[Round "10"]
[White "Dovzik, Juri"]
[Black "Rodrigues Mota, Romulo Cardoso S"]
[Result "0-1"]
[WhiteElo "2235"]
[BlackElo "1964"]
[PlyCount "58"]
[EventDate "2024.02.13"]
[EventType "swiss (blitz)"]
[EventRounds "11"]
[EventCountry "USA"]
[SourceTitle "CB08_2024"]
[SourceDate "2024.02.21"]
[SourceVersion "1"]
[SourceVersionDate "2024.02.21"]
[SourceQuality "1"]

1. Nf3 Nf6 2. b3 d5 3. Bb2 g6 4. c4 dxc4 5. bxc4 Bg7 6. d3 0-0 7. g3 c5 8. Bg2 Qb6 9. Bc3 Nc6 10. 0-0 Bg4 11. Nbd2 Rfd8 12. Rb1 Qc7 13. h3 Bxf3 14. Nxf3 Rac8 15. Qb3 b6 16. Qb2 Qd7 17. Ne5 Nxe5 18. Bxe5 Qe6 19. Bc3 Bh6 20. a4 Nh5 21. a5 Rd6 22. axb6 Rxb6 23. Qa2 Rcb8 24. Rxb6 axb6 25. Re1 Be3 26. Kf1 Nxg3+ 27. fxg3 Qf5+ 28. Bf3 Qxh3+ 29. Bg2 Qxg3 0-1

[Event "Titled Tuesday intern op 13th Feb Early"]
[Site "Chess.com INT"]
[Date "2024.02.13"]
[Round "11"]
[White "Goncalves, Nata"]
[Black "Dovzik, Juri"]
[Result "1-0"]
[WhiteElo "1998"]
[BlackElo "2235"]
[PlyCount "73"]
[EventDate "2024.02.13"]
[EventType "swiss (blitz)"]
[EventRounds "11"]
[EventCountry "USA"]
[SourceTitle "CB08_2024"]
[SourceDate "2024.02.21"]
[SourceVersion "1"]
[SourceVersionDate "2024.02.21"]
[SourceQuality "1"]

1. c4 b6 2. d4 e6 3. a3 Bb7 4. Nc3 Nf6 5. d5 Be7 6. g3 0-0 7. Bg2 exd5 8. cxd5 d6 9. Nf3 Nbd7 10. Nd4 Re8 11. 0-0 Bf8 12. Bg5 h6 13. Bf4 g6 14. Qd2 Kh7 15. e4 Ng4 16. h3 Nge5 17. Be3 Nc4 18. Qc1 Nxe3 19. Qxe3 Bg7 20. Rad1 Ne5 21. Kh2 Ba6 22. Ncb5 Qd7 23. a4 Bb7 24. Rc1 Rec8 25. f4 a6 26. Na3 c5 27. dxc6 Nxc6 28. Nxc6 Bxc6 29. b3 b5 30. a5 Bb2 31. Ra1 Bxa1 32. Rxa1 Bb7 33. Rd1 Rc7 34. e5 Bxg2 35. Rxd6 Qf5 36. Kxg2 Rac8 37. g4 1-0

[Event "Titled Tuesday intern op 06th Feb Early"]
[Site "Chess.com INT"]
[Date "2024.02.06"]
[Round "2"]
[White "Dovzik, Juri"]
[Black "Kashtanov, Ruslan"]
[Result "0-1"]
[WhiteElo "2235"]
[BlackElo "2357"]
[PlyCount "96"]
[EventDate "2024.02.06"]
[EventType "swiss (blitz)"]
[EventRounds "11"]
[EventCountry "USA"]
[SourceTitle "CB07_2024"]
[SourceDate "2024.02.14"]
[SourceVersion "1"]
[SourceVersionDate "2024.02.14"]
[SourceQuality "1"]

1. g3 e5 2. c4 Nf6 3. Bg2 c6 4. b3 d5 5. Bb2 Bd6 6. d3 Kf8 7. Nd2 Kg8 8. Ngf3 Qe7 9. 0-0 h6 10. h3 Bf5 11. e4 dxe4 12. Nh4 Be6 13. dxe4 Nbd7 14. Nf5 Bxf5 15. exf5 Ba3 16. Qc2 Bxb2 17. Qxb2 a5 18. Rae1 Kh7 19. Nf3 Rhe8 20. Re3 a4 21. Rfe1 axb3 22. axb3 Qa3 23. Qb1 Qb4 24. Nxe5 Nxe5 25. Rxe5 Rxe5 26. Rxe5 Qd2 27. Re1 Ra2 28. Rf1 Rb2 29. Qe1 Qxe1 30. Rxe1 Rxb3 31. Re7 Kg8 32. Rc7 Kf8 33. g4 Ne8 34. Rd7 Nf6 35. Rc7 Rb1+ 36. Kh2 Rb3 37. f4 Rb2 38. Kg3 Rb3+ 39. Kh2 Rb4 40. g5 Nh5 41. Bf3 Nxf4 42. f6 gxf6 43. gxf6 Kg8 44. Be4 Ng6 45. Bxg6 fxg6 46. Rg7+ Kf8 47. Rc7 Rxc4 48. Rxb7 Rf4 0-1

[Event "Titled Tuesday intern op 06th Feb Early"]
[Site "Chess.com INT"]
[Date "2024.02.06"]
[Round "6"]
[White "Dovzik, Juri"]
[Black "Lohani, Sujana"]
[Result "1-0"]
[WhiteElo "2235"]
[BlackElo "1730"]
[PlyCount "57"]
[EventDate "2024.02.06"]
[EventType "swiss (blitz)"]
[EventRounds "11"]
[EventCountry "USA"]
[SourceTitle "CB07_2024"]
[SourceDate "2024.02.14"]
[SourceVersion "1"]
[SourceVersionDate "2024.02.14"]
[SourceQuality "1"]

1. Nf3 c5 2. e3 d5 3. d4 cxd4 4. exd4 Nc6 5. Bd3 Nf6 6. c3 Bg4 7. 0-0 e6 8. h3 Bh5 9. g4 Bg6 10. Ne5 Bd6 11. f4 Bxd3 12. Qxd3 h5 13. g5 Ne4 14. Nd2 Nxd2 15. Bxd2 Qc7 16. g6 f6 17. Nf7 Kd7 18. Nxh8 Rxh8 19. f5 e5 20. dxe5 Nxe5 21. Qxd5 Qb6+ 22. Kh1 Ng4 23. Bf4 Ne5 24. Bxe5 fxe5 25. Rad1 Rf8 26. Qxe5 Rf6 27. Qd4 Qxb2 28. Rd2 Qb5 29. Rfd1 1-0

[Event "Titled Tuesday intern op 06th Feb Late"]
[Site "Chess.com INT"]
[Date "2024.02.06"]
[Round "5"]
[White "Osinovsky, Stepan"]
[Black "Dovzik, Juri"]
[Result "1-0"]
[WhiteElo "2241"]
[BlackElo "2235"]
[PlyCount "49"]
[EventDate "2024.02.06"]
[EventType "swiss (blitz)"]
[EventRounds "11"]
[EventCountry "USA"]
[SourceTitle "CB07_2024"]
[SourceDate "2024.02.14"]
[SourceVersion "1"]
[SourceVersionDate "2024.02.14"]
[SourceQuality "1"]

1. e4 c6 2. d3 d5 3. Nd2 g6 4. Ngf3 Bg7 5. g3 e5 6. Bg2 Ne7 7. 0-0 0-0 8. Re1 d4 9. Nc4 Qc7 10. a4 c5 11. Nh4 h6 12. f4 Nbc6 13. Rf1 Be6 14. f5 Bxc4 15. dxc4 gxf5 16. exf5 f6 17. Qh5 Qd8 18. Bxh6 Qe8 19. Ng6 Nxg6 20. Bd5+ Rf7 21. fxg6 Nd8 22. Bxg7 Kxg7 23. Qh7+ Kf8 24. gxf7 Nxf7 25. Rxf6 1-0

[Event "Malakhatko Memorial op"]
[Site "Chess.com INT"]
[Date "2023.06.14"]
[Round "2"]
[White "Dovzik, Juri"]
[Black "Kazakov, Maksym"]
[Result "0-1"]
[WhiteElo "2257"]
[BlackElo "2032"]
[PlyCount "42"]
[EventDate "2023.06.14"]
[EventType "swiss (blitz)"]
[EventRounds "11"]
[EventCountry "USA"]
[SourceTitle "CBM 214 Extra"]
[Source "ChessBase"]
[SourceDate "2023.07.31"]
[SourceVersion "1"]
[SourceVersionDate "2023.07.31"]
[SourceQuality "1"]

1. c4 c5 2. Nf3 g6 3. d4 cxd4 4. Nxd4 Bg7 5. e4 Nc6 6. Be3 Nf6 7. Nc3 0-0 8. Be2 e6 9. 0-0 d5 10. exd5 exd5 11. cxd5 Nxd5 12. Nxc6 bxc6 13. Nxd5 cxd5 14. Qd2 d4 15. Bg5 Qb6 16. Bf3 Rb8 17. Bf4 Qxb2 18. Qd3 Rb6 19. Bc7 Ba6 20. Qe4 Bxf1 21. Bxb6 Qxa1 0-1

[Event "SVK-chT1E 2223"]
[Site "Slovakia"]
[Date "2023.02.04"]
[Round "8.3"]
[White "Dovzik, Juri"]
[Black "Szamos, Alexander"]
[Result "1-0"]
[WhiteElo "2265"]
[BlackElo "2134"]
[PlyCount "53"]
[EventDate "2022.10.15"]
[EventType "team-tourn"]
[EventRounds "11"]
[EventCountry "SVK"]
[SourceTitle "EXT 2024"]
[Source "ChessBase"]
[SourceDate "2023.10.10"]
[SourceVersion "1"]
[SourceVersionDate "2023.10.10"]
[SourceQuality "1"]
[WhiteTeam "Kosice Slavia UPJS"]
[BlackTeam "Zvolen Slavia"]
[WhiteTeamCountry "SVK"]
[BlackTeamCountry "SVK"]

1. c4 Nf6 2. Nc3 d5 3. cxd5 Nxd5 4. g3 g6 5. Bg2 Nb6 6. Nf3 Bg7 7. d3 0-0 8. Be3 Nc6 9. Qd2 Bg4 10. h3 Bxf3 11. Bxf3 Rb8 12. Bxc6 bxc6 13. Bh6 Qd4 14. Bxg7 Kxg7 15. Rc1 Nd5 16. b3 Nf6 17. Na4 Qd5 18. 0-0 Qd7 19. Kg2 Rb5 20. Qc3 Rh5 21. Rh1 Qe6 22. Rc2 Rd8 23. Qxc6 Rd6 24. Qxc7 Nd5 25. Qc4 Rg5 26. Nc5 Qe5 27. Ne4 1-0